Generalized isometries of the special unitary group

Elmentve itt :
Bibliográfiai részletek
Szerzők: Hatori Osamu
Molnár Lajos
Dokumentumtípus: Cikk
Megjelent: 2016
Sorozat:ARCHIV DER MATHEMATIK 106 No. 2
Tárgyszavak:
doi:10.1007/s00013-015-0856-0

mtmt:3022414
Online Access:http://publicatio.bibl.u-szeged.hu/37393
LEADER 00732nab a2200217 i 4500
001 publ37393
005 20250806151048.0
008 250806s2016 hu o 000 eng d
022 |a 0003-889X 
024 7 |a 10.1007/s00013-015-0856-0  |2 doi 
024 7 |a 3022414  |2 mtmt 
040 |a SZTE Publicatio Repozitórium  |b hun 
041 |a eng 
100 1 |a Hatori Osamu 
245 1 0 |a Generalized isometries of the special unitary group  |h [elektronikus dokumentum] /  |c  Hatori Osamu 
260 |c 2016 
300 |a 155-163 
490 0 |a ARCHIV DER MATHEMATIK  |v 106 No. 2 
650 4 |a Matematika 
700 0 1 |a Molnár Lajos  |e aut 
856 4 0 |u http://publicatio.bibl.u-szeged.hu/37393/1/Generalizedisometriesofthespecialunitarygroup.pdf  |z Dokumentum-elérés